000 00290nam a22001337a 4500
008 170215b xxu||||| |||| 00| 0 eng d
020 _a9780769300658
041 _aeng
080 _a61
100 _a4
101 _aSHM
245 _aCLINICAL SWALLOWING DISORDERS
_cMURRY
942 _2udc
_cBK
999 _c5519
_d5519